000 00605nam a22002177a 4500
003 OSt
005 20250204141630.0
008 250204b |||||||| |||| 00| 0 eng d
020 _a09097411759
022 _227343073
040 _ckku
100 _d202502020259
110 _aCocin Literature Committee
245 _aCOCIN :
_bBible study leader's Guide on the book of Romans
_c/Cocin literaure committee
260 _aJos:
_bCocin publications,
_c2025.
300 _ax,53p.
_c20cm.
490 _3Book
610 _2cocin literature committee
710 _aCocin Bible study manual
942 _2lcc
_cBK
_n0
999 _c31
_d31